00778nam a2200205 a 450000100100000000500170001000800410002704000250006808200200009310000430011324500440015626000300020030000200023065000280025065000310027804900090030995201170031895201220043599900150055700000928020240412074210.0090929s1935 pr 000 p spa d aDO-SdBNPbspacBNPHU aRD861.42bL215c1 aLamarche, Martha María,d190092400210aCauce hondo /cMartha María Lamarche. aSan Juan :bRoger,c1935. b75 p. ;c20 cm. 0aPoesía dominicana966 0aLiteratura dominicana.967 aBNPD 001050718MOaPDbPDcCTd2009-09-29iLF1l0oRD861.42 L215cp9280-10r2020-06-25w2020-06-25y1ZNo se presta 001050718MOaPDbPDcCTd2009-09-29iLF1l0oRD861.42 L215cp9280-20r2020-06-25te.2w2020-06-25y1ZNo se presta c9042d9042